| 000 | 01096cam a2200277 a 4500 | ||
|---|---|---|---|
| 001 | 14518611 | ||
| 005 | 20150914125340.0 | ||
| 008 | 060825s2007 enk b 001 0 eng | ||
| 010 | _a 2006028508 | ||
| 020 | _a9780826489401 (pbk.) | ||
| 020 | _a0826489400 (pbk.) | ||
| 040 |
_aDLC _cDLC _dDLC |
||
| 050 | 0 | 0 |
_aB2137 _b.S56 2007 |
| 082 | 0 | 0 |
_a194 _222 |
| 100 | 1 |
_aSimpson, Matthew. _919106 |
|
| 245 | 1 | 0 |
_aRousseau : _ba guide for the perplexed / _cMatthew Simpson. |
| 260 |
_aLondon ; _aNew York : _bContinuum, _cc2007. |
||
| 300 |
_ax, 146 p. ; _c22 cm. |
||
| 490 | 0 | _aGuides for the perplexed | |
| 504 | _aIncludes bibliographical references (p. 140-143) and index. | ||
| 505 | 0 | _aHis life and works -- 'Discourse on the sciences and arts' -- 'Discourse on the origin and foundations of inequality' -- The social contract -- Emile. | |
| 600 | 1 | 0 |
_aRousseau, Jean-Jacques, _d1712-1778. _919107 |
| 906 |
_a7 _bcbc _corignew _d1 _eecip _f20 _gy-gencatlg |
||
| 942 |
_2lcc _cMONOGRAPH |
||
| 999 |
_c123166 _d123166 |
||